|
|
|
|
| LEADER |
00000nab a2200000 a 4500 |
| 001 |
vtls000751155 |
| 003 |
SK-MaSNL |
| 005 |
20260304113559.0 |
| 008 |
250429c2000 xo 0 slo |
| 015 |
|
|
|a SNBRB2001/03-08657
|
| 035 |
|
|
|a CLN000102950
|
| 035 |
|
|
|a urn:nbn:sk:snk-ablgr
|
| 035 |
|
|
|a (urnnbn)urn:nbn:sk:snk:ar-002zkm
|
| 035 |
|
|
|a (uuid)e59bce7c-3280-42ce-8f7d-ca96d198c05d
|
| 040 |
|
|
|a SNKBUCL
|b slo
|c SNKBUCL
|e AACR2
|
| 041 |
0 |
|
|a slo
|
| 044 |
|
|
|a xo
|c SK
|
| 080 |
|
|
|a 615.322:582.998.2
|2 1997
|
| 080 |
|
|
|a 582.998.2
|2 1997
|
| 100 |
1 |
|
|a Beck, J.
|4 aut
|9 1123811
|
| 245 |
1 |
0 |
|a Slnečnica ročná
|c J. Beck
|
| 650 |
0 |
7 |
|a slnečnice
|2 snkbucl
|9 27506
|
| 650 |
0 |
7 |
|a semená slnečnicové
|2 snkbucl
|9 949429
|
| 655 |
|
7 |
|a články z novín a časopisov
|2 snkbucl
|9 267496
|
| 773 |
0 |
|
|t Liečivé rastliny
|g Roč. 37, č. 6 (2000), s. 208-209
|x 0323-2646
|
| 850 |
|
|
|a Slovenská národná knižnica
|
| 852 |
|
|
|a Slovenská národná knižnica
|
| 954 |
|
|
|a odborná, vedecká literatúra pôvodná (slovenská)
|2 lita
|
| 958 |
|
|
|a article2022
|
| 958 |
|
|
|a OND
|
| 958 |
|
|
|a MI
|
| 958 |
|
|
|a EUIPO
|
| 992 |
|
|
|a RBX
|
| 999 |
|
|
|c 2870021
|d 2871951
|